| 000 | 00592nam a22001937a 4500 | ||
|---|---|---|---|
| 005 | 20250509162239.0 | ||
| 008 | 250509b |||||||| |||| 00| 0 eng d | ||
| 040 | _absop | ||
| 245 |
_aThe oriental institute 1981-82 annual report / _bEditor Robert McC. Adams |
||
| 260 |
_aChicago : _bThe Oriental Institute, _cc1981 |
||
| 300 |
_a154 p. ; _billustrations ; _c23 cm |
||
| 336 | _atext | ||
| 337 | _aunmediated | ||
| 338 | _avolume | ||
| 610 |
_aUniversity of Chicago. _bOriental Institute _vPeriodicals. |
||
| 650 |
_2fast _aAntiquities. |
||
| 700 | _aAdams, Robert McC | ||
| 942 |
_2lcc _cBK |
||
| 999 |
_c53747 _d53747 |
||